Frank Ocean - Facebook Story Lyrics - Statistics

General Stats
  • This quiz has been taken 69 times
  • The average score is 11 of 17
Answer Stats
Hint Answer % Correct
She wanted me to accept her on ______ Facebook
98%
And I was together since ___ years three
94%
No, I was just telling that I, I got this, this ___ before girl
92%
And uh, I was not even _____ her or what cheating
87%
And I don't want it, _____ I was, like, in front of her because
75%
So I say, "I'm __ ____ of you, I don't need to accept you on Facebook" in front
75%
She starting to be ____ crazy
73%
I'm in front of you, I'm every day, here in your ____" house
69%
She thought that because _ ____ _____ __, she thought I was cheating I didn't accept her
69%
And Facebook ____ and, uh arrived
67%
She told me like, uh, "It's, it's ___, I can't believe you" over
67%
In front of her, and she told me, like, "___________" accept me on Facebook
62%
For _____, you know? nothing
56%
It was virtual, means no ____ sense
56%
That's, it means, like, it's _____, pure _____ jealousy
48%
_____ thing Virtual
29%
I said, "____ __, you're crazy, because like, yeah Come on
17%
No matching quizzes found
Score Distribution
Percent of People with Each Score
Percentile by Number Answered
Your Score History
You have not taken this quiz